Liberal parties of the world Quiz Stats

 Plays Quiz not verified by Sporcle

Score 0/20 Timer 10:00
0 Plays Today
country % Correct
USADemocratic Party
82.4%
UKLiberal Democrats
55.9%
SwitzerlandFDP
41.2%
GermanyFree Democratic Party
23.5%
NetherlandsVVD
20.6%
NetherlandsD'66
14.7%
EUELDR
11.8%
JapanLiberal Democratic Party
11.8%
FranceDemocratic Movement
11.8%
FranceParti libéral démocrate
8.8%
country % Correct
CanadaLiberal Party of Canada
8.8%
BelgiumOpen VLD
8.8%
BrazilPartido Liberal
0%
ItalyPartito Liberale Italiano
0%
BrazilPartido Social Liberal
0%
IndiaNationalist Congress Party
0%
RussiaLiberal Democratic Party of Russia
0%
AustraliaLiberal conservatism
0%
MexicoPartido Nueva Alianza
0%
South KoreaLiberty Forward Party
0%

You're not logged in!

Compare scores with friends on all Sporcle quizzes.
OR
Log In

Show Comments

Extras

Top Quizzes Today


Score Distribution

Your Account Isn't Verified!

In order to create a playlist on Sporcle, you need to verify the email address you used during registration. Go to your Sporcle Settings to finish the process.

Report this User

Report this user for behavior that violates our Community Guidelines.

Details: